Inference for change-point and post change means after a CUSUM test

Saved in:
Bibliographic Details
Main Author: Wu, Yanhong
Format: Book
Language:English
Published: New York : Springer, c2005
Series:Lecture notes in statistics (Springer-Verlag) ; 180
Subjects:
Tags: Add Tag
No Tags, Be the first to tag this record!

MARC

LEADER 00000nam a2200000 i 4500
001 1/49175
008 070725s2005 eng d
020 |a 0-387-22927-2 
035 |l 10089116 
040 |a GR-MY-UA  |b gre  |e aacr 
041 0 |a eng 
082 0 |a 519.5  |2 (22) 
100 1 |a Wu, Yanhong. 
245 1 0 |a Inference for change-point and post change means after a CUSUM test /  |c Yanhong Wu 
260 |a New York :   |b Springer,   |c c2005 
300 |a xiii, 158 σ.;  |b εικ.;  |c  24 εκ. 
490 1 |a Lecture notes in statistics  |v ; 180 
504 |a Περιλαμβάνει βιβλιογραφικές παραπομπές (σ. 151-156) και ευρετήριο 
650 0 0 |a Statistics. 
650 0 0 |a Probabilities. 
650 0 0 |a Stochastic processes. 
650 0 0 |a Econometrics. 
830 0 |a Lecture notes in statistics (Springer-Verlag)  |v ; 180 
852 |a INST  |b SAMOS  |e 20070725  |h 519.5 WUY  |p 005300025809  |q 005300025809  |t BK  |y 0 
901 |a BIBL3-2007-2 
909 |a Σ  |b 135804 
922 |a 3ΕΛΗ  |b 200706  |c ΕΠΕΑΕΚ2/ΤΣΑΕ  |d ΕΛΕΥΘΕΡΟΥΔΑΚΗΣ 
970 |a ΚΟΣΙΕΡΗΣ  |b ΧΡΗΣΤΟΣ  |z 2007/07/25